|
|
|
|
| LEADER |
01325nam a2200265 a 4500 |
| 001 |
32167 |
| 003 |
BD-DhAAL |
| 005 |
20190129102202.0 |
| 008 |
170927s2014 bg ||||| |||| 00| 0 ben d |
| 999 |
|
|
|c 38370
|d 38370
|
| 020 |
|
|
|a 9847026300131
|
| 040 |
|
|
|a BD-DhAAL
|
| 041 |
|
|
|a ben
|
| 082 |
|
|
|2 23
|a 954.9205
|
| 245 |
|
|
|a মুক্তিযুদ্ধ ও স্বাধীনতা /
|b সম্কলন ও সম্পাদনা রফিকুজ্জামান হুমায়ুন
|
| 260 |
|
|
|a ঢাকা :
|b জনতা প্রকাশ,
|c ২০১৪
|
| 300 |
|
|
|a ১৯১ পৃষ্ঠা ;
|c ২২ সে. মি.
|
| 526 |
|
|
|a AAL
|
| 541 |
|
|
|e 32167, 32168
|
| 651 |
|
|
|a Bangladesh
|x History
|x Revolution
|y 1971
|9 22369
|
| 700 |
|
|
|a হুমায়ুন, রফিকুজ্জামান
|9 22370
|
| 852 |
|
|
|a Ayesha Abed Library
|c General Stacks
|
| 942 |
|
|
|2 ddc
|c BK
|
| 952 |
|
|
|0 0
|1 0
|2 ddc
|4 0
|6 954_920500000000000_MUK
|7 0
|9 61401
|a BRACUL
|b BRACUL
|c BNC
|d 2017-09-27
|e Development Book Agency
|g 212.50
|l 2
|m 14
|o 954.9205 MUK
|p 3010032167
|r 2018-08-06
|s 2018-07-30
|t 1
|v 250.00
|w 2017-09-27
|y BK
|
| 952 |
|
|
|0 0
|1 0
|2 ddc
|4 0
|6 954_920500000000000_MUK
|7 0
|9 61402
|a BRACUL
|b BRACUL
|c BNC
|d 2017-09-27
|e Development Book Agency
|g 212.50
|l 1
|m 6
|o 954.9205 MUK
|p 3010032168
|r 2019-02-04
|s 2018-12-15
|t 2
|v 250.00
|w 2017-09-27
|y BK
|